• 首页
  • 本馆介绍
  • 公告通知
  • 最新文献
  • 馆藏检索
  • 电子资源
  • 读者导购
  • 参考咨询
  • 我的图书馆
  • 登录
  • 详细信息显示
  • 放入我的书架
  • 预约/预借图书
  • 作者相关作品
  • 分类相关作品
  • 丛书相关作品
  • 出版社相关作品

书目信息

  • 表格格式
  • 工作单格式
  • 卡片格式
题名:
西方文化史
    
 
作者: 徐新 编著
分册:  
出版信息: 北京   北京大学出版社  2002
页数: 315页
开本: 21cm
丛书名:
单 册:
中图分类: K500.3
科图分类:
主题词: 文化史--西方国家 , 文化史
电子资源:
ISBN: 7-301-05291-X
000 00936nam0 2200265 450
001 012007398698
005 20070522173406.79
010    @a7-301-05291-X@dCNY25.00
100    @a20070516d2002 km y0chiy0120 ea
101 0  @achi
102    @aCN@b110000
105    @aa z 000yy
106    @ar
200 1  @a西方文化史@Axi fang wen hua shi@e从文明初始至启蒙运动@f徐新编著@Fxu xin bian zhu
210    @a北京@c北京大学出版社@d2002
215    @a315页@c照片@d21cm
330    @a本书内容包括组成西方文化源头的希腊理性和艺术、希伯来宗教、罗马法律,以及汇合成西方文化之流的中世纪文化、文艺复兴、宗教改革等,完整地展示了西方文化的内涵和发展历程。
510 1  @aHistory of western culture@zeng
517 1  @a从文明初始至启蒙运动@Acong wen ming chu shi zhi qi meng yun dong
606 0  @a文化史@y西方国家
606 0  @a文化史
690    @aK500.3@v4
701  0 @a徐新@Axu xin@4编著
801  0 @aCN@bRULIN@c20070522
905    @dK500.3@e15@s8
    
    西方文化史:从文明初始至启蒙运动/徐新编著.-北京:北京大学出版社,2002
    315页:照片;21cm
    
    
    ISBN 7-301-05291-X:CNY25.00
    本书内容包括组成西方文化源头的希腊理性和艺术、希伯来宗教、罗马法律,以及汇合成西方文化之流的中世纪文化、文艺复兴、宗教改革等,完整地展示了西方文化的内涵和发展历程。
●
相关链接 在E读中查询图书 在五车中查询图书 在当当中查询图书 在豆瓣中查询图书


正题名:西方文化史     索取号:K500.3/15         预约/预借

序号 登录号 条形码 馆藏地/架位号 状态 备注
1 0580515   205805155   第二样本阅览室/ [索取号:K500.3/15] 在馆    
2 0580516   205805164   第二借阅区/ [索取号:K500.3/15] 在馆    
3 0580517   205805173   第二借阅区/ [索取号:K500.3/15] 在馆    
4 0580518   205805182   第二借阅区/ [索取号:K500.3/15] 在馆    
5 0580519   205805191   第二借阅区/ [索取号:K500.3/15] 在馆    
6 0580520   205805208   第二借阅区/ [索取号:K500.3/15] 在馆    
7 0580521   205805217   第二借阅区/ [索取号:K500.3/15] 在馆    
8 0580522   205805226   第二借阅区/ [索取号:K500.3/15] 在馆    
唐山师范学院图书馆 欢迎您!
大连网信软件有限公司© 版权所有